| 000 | 00318nam a2200109 4500 | ||
|---|---|---|---|
| 008 | 180210b xxu||||| |||| 00| 0 eng d | ||
| 245 | _aBallet Manila sends young dancers to Russian festival. | ||
| 260 |
_aPhilippines: _bThe Philippine Star, _cc2016. |
||
| 300 | _apage E-4. | ||
| 650 | 0 |
_926327 _aDance. |
|
| 942 |
_2ddc _cPER |
||
| 999 |
_c8538 _d8538 |
||